| 000 | 00645nam a2200205Ia 4500 | ||
|---|---|---|---|
| 003 | OSt | ||
| 005 | 20260401120539.0 | ||
| 008 | 220923b |||||||| |||| 00| 0 eng d | ||
| 037 | _cGeneral Book | ||
| 040 |
_aRTL _cRTL _beng |
||
| 041 |
_2eng _aeng |
||
| 084 |
_aXM5:(Z).2.N9 P6/TD _qRTL |
||
| 100 |
_aPrasad Upendra _9299995 |
||
| 245 | 0 | _aBharat's systematic approach to business and corporate laws | |
| 260 |
_a New Delhi _bBharat Law House India _c2006 |
||
| 300 |
_a708p. _binculed biblograpical refrence an index |
||
| 700 |
_a Indu _9299996 |
||
| 942 |
_hXM5:(Z).2.N9 P6/TD _cTB _2CC |
||
| 999 |
_c595506 _d595506 |
||